000
00304nam a2200133Ia 4500
005
20260328101526.0
008
260328s9999||||xx |||||||||||||| ||und||
100
_a
Fischer, Joachim
245
0
_a
Concrete /
_c
Joachim Fischer
260
_b
Fullmann
300
_a
287 p.
650
_a
CONCRETO
942
_c
BK
999
_c
9793
_d
9793